000 00598nam a2200205 a 4500
001 10156
003 CO-ViMGA
008 141112s2004 ck r 000 u spa d
020 _a9682611407
040 _aCO-ViMGA
_bspa
_cCO-ViMGA
082 0 4 _a658.15937 A54m
100 1 _aAnker ; Michael, Batta Vina,
_913072
245 1 0 _aManejo Básico de Restaurantes :
_bTeoría y práctica
260 _aMexico :
_bCompañia Editorial Continental S.A,
_c1992
300 _a269p. : il.
650 1 4 _aADMINISTRACION
_9558
650 1 4 _aCAFETERIAS
_913073
650 1 4 _aRESTAURANTES
_954066
942 _2ddc
_cBK
999 _c21529
_d21529